000 00557nam a2200241 a 4500
001 nice12345678
003 IN_TiNIC
005 20260116011750.0
008 050524s1314 naga grp 000 0 per
020 _a
_c100
082 0 0 _a170
_bGAN
100 _aGanabadi, Parveen
245 _aParwarash-I-Lradeh.
260 _aNagpur
_b
_c1314
300 _a67p
500 _aincludes index and biblioraphy
505 2 _aHand Written Manuscript
650 _aEthics
700 1 _aGanabadi, Parveen
902 _bSRS
942 _cBK
999 _c3799
_d3799